00742 a2200217 4500010001400000020002300014035001300037037001600050082000800066090001500074100002000089245005700109250001700166260006200183270005600245300003400301500001900335942002300354999001500377952013200392 aENG-88649 c295.00a8177096575 aEN-72182 bDBAD / PUB14a510 c9119d9119 aGupta, Asit Das1 aProblems plus in IIT mathematics/cby Asit Das Gupta a7th rev. ed. aNew DelhibBharati Bhawan Publishers & Distributorsc2007 a4271/3, Ansari Road, Daryaganj,bNew Delhie110 002 avarious pagings. :c27cm (Hb) aIncludes index adplcENk510 / GUP c8954d8954 00102ddc40718NFICaDBADbDBADeDBAD/PUBg295.00l0o510 GUPpEN-72182r2008-09-15 00:00:00t1u9902v295.00w2008-09-15yEN